Marseille Buteurs - Statistiques

Statistiques générales
  • Ce quiz a été pris 140 fois
  • Le résultat moyen est 4 sur 25
Statistiques - réponses
Nb Buts Joueur Top % Correct
86 Florian Thauvin 3
70%
175 Jean-Pierre Papin 1
69%
74 Dimitri Payet 5
36%
77 Andre-Pierre Gignac 4
30%
100 Mamadou Niang 2
26%
32 Didier Drogba 15
19%
42 Loic Remy 8
17%
60 Andre Ayew 7
16%
31 Brandao 18
16%
38 Mathieu Valbuena 11
15%
35 Djibril Cisse 12
13%
33 Michy Batshuayi 14
13%
31 Valere Germain 20
13%
30 Abedi Pele 24
10%
30 Arkadiusz Milik 21
8%
32 Alen Boksic 16
5%
28 Rudi Voller 25
5%
31 Fabrizio Ravanelli 17
4%
30 Florian Maurice 23
3%
39 Franck Sauzee 9
3%
38 Marc Libbra 10
3%
68 Tony Cascarino 6
3%
34 Ibrahima Bakayoko 13
2%
30 Klaus Allofs 22
2%
31 Philippe Vercruysse 19
1%
Aucun quiz correspondant
Distribution des résultats
% des personnes avec chaque résultat
Percentile par nombre de réponses
Votre historique - résultats
Vous n’avez pas pris ce quiz